000 01143nam a22002177a 4500
999 _c60694
_d60694
005 20231009171425.0
008 231009s2012 ge ||||| |||| 00| 0 eng d
020 _a9789941104961
041 _aeng
080 _a94(479.22:38) D-90
100 _aDundua, Tedo
_917376
245 _aGeorgia within the European integration :
_bP. 1, Greeks and the Georgians /
_cTedo Dundua ; Ivane Javakhishvili Tbilisi State Univ., faculty of humanities, Inst. of Georgian History.
264 _aTbilisi :
_b Meridian publ.,
_c2012.
300 _a49 p. :
_b ill.;
_c21 cm.
653 _aსაქართველო-ევროპის ურთიერთობების ისტორია
653 _aსაქართველოს ნუმიზმატიკა
653 _aსაქართველო-ძველი საბერძნეთის ურთიერთობათა ისტორია
700 _aBoshishvili, Alexander
_eრედაქტორი
_919775
710 _aIvane Javakhishvili Tbilisi State University.
_dFaculty of humanities. Institute of Georgian History
_919924
942 _2udc
_cBK